Aplicación y crítica del enfoque sistémico para el estudio de las culturas políticas en México (Record no. 164738)
[ view plain ]
| 000 -CABECERA | |
|---|---|
| campo de control de longitud fija | 00567nab a2200193 a 4500 |
| 005 - FECHA Y HORA DE LA ÚLTIMA TRANSACCIÓN | |
| campo de control | 20210219161829.0 |
| 008 - ELEMENTOS DE LONGITUD FIJA--INFORMACIÓN GENERAL | |
| campo de control de longitud fija | 991125s1985 mx 000 0 spa u |
| 035 ## - NÚMERO DE CONTROL DEL SISTEMA | |
| Número de control de sistema | UPN01000192636 |
| 100 1# - ASIENTO PRINCIPAL--NOMBRE PERSONAL | |
| Nombre de persona | CUNA PÉREZ, Enrique |
| 222 ## - TÍTULO CLAVE | |
| Título clave | SOCIOLOGICA |
| 245 ## - MENCIÓN DE TÍTULO | |
| Título | Aplicación y crítica del enfoque sistémico para el estudio de las culturas políticas en México |
| 260 ## - PUBLICACIÓN, DISTRIBUCIÓN, ETC. | |
| Lugar de publicación, distribución, etc. | México |
| 300 ## - DESCRIPCIÓN FÍSICA | |
| Extensión | 179-212 |
| 362 0# - FECHAS DE PUBLICACIÓN Y/O DESIGNACIÓN SECUENCIAL | |
| Fecha de publicación y/o designación secuencial | 2007, Vol. 22, no. 64, may.-ago. |
| 653 0# - TERMINO DE INDIZACION - NO CONTROLADO | |
| Término no controlado | ENFOQUE SISTEMICO |
| 653 0# - TERMINO DE INDIZACION - NO CONTROLADO | |
| Término no controlado | CULTURA POLITICA |
| 653 0# - TERMINO DE INDIZACION - NO CONTROLADO | |
| Término no controlado | DEMOCRACIA |
| 905 ## - TIPO DE MATERIAL | |
| Tipo de material | Articulo |
No items available.
